Funciones estructurales de la armonía

Wedi'i Gadw mewn:
Manylion Llyfryddiaeth
Prif Awdur: Schönberg, Arnold (Awdur)
Fformat: Llyfr
Iaith:Sbaeneg
Cyhoeddwyd: Barcelona Labor 1990
Cyfres:Colección enfoques
Pynciau:
Tagiau: Ychwanegu Tag
Dim Tagiau, Byddwch y cyntaf i dagio'r cofnod hwn!

MARC

LEADER 00000nam a2200000 a 4500
001 UCY1981
003 CL-VaPUC
005 20231026105453.0
008 940930e19900000SP |||||||||||||||||spa|d
999 |c 230520  |d 230518 
040 |c Pontificia Universidad Católica de Valparaíso 
082 0 4 |a 781.25077 SCH 1990  |2 21 
100 0 |a Schönberg, Arnold  |e author  |9 306737 
245 1 0 |a Funciones estructurales de la armonía 
260 |a Barcelona  |b Labor  |c 1990 
300 |a 191 p 
490 0 |a Colección enfoques 
583 |a last modification  |c 19940930 00:00:00  |k Rodrigo Vera 
650 0 |a Análisis musical  |2 CL-VaPUC  |9 267228 
650 0 |a Armonía  |9 306328 
942 |c BK  |2 ddc 
945 |d 19940930 00:00:00  |a oaravena 
952 |0 0  |1 0  |2 ddc  |4 0  |6 781_250770000000000_SCH_1990  |7 0  |8 A  |9 232865  |a BIBEDU  |b BIBEDU  |d 2019-11-15  |i 302198K  |o 781.25077 SCH 1990  |p 302198K  |r 2023-01-12  |w 2019-11-15  |y BK  |k MUS